000 00496nam a2200181Ia 4500
003 LDD
008 181029s9999 xx 000 0 und d
020 _c425.00
040 _cLDD
245 0 _aHead first Object-Oriented Analysis and Design A Brain Friendly Guide to OOA&D
260 _c2006
300 _a634
365 _b425.00
901 _a3905
_b29-03-2007
902 _a1397
_b07-05-2007
_cF
_dBB
_e0
903 _aDiscount-10
_bReqst by : Moumita Das
942 _2ddc
_cBK
999 _c78954
_d78954